000 00526nam a2200181 4500
001 113552
003 ES-MaACL
007 t|
008 061121s1967 fr r ||||1| fre d
100 1 _aPacaut, Marcel.
_988107
245 1 0 _aFréderic Barberouesse /
_cMarcel Pacaut.
260 _aParis :
_bFayard,
_c1967.
300 _a316 p. ;
_c21 cm.
490 1 _aLes grandes études historiques
830 0 4 _aLes grandes études historiques
_9184869
852 _aES-MaACL
_jE-5770
_bR.90101
999 _c113552
_d113552